000 00645cam a2200229 a 4500
001 2879592
005 20171228034651.0
008 861001r19871973mau b 001 0 eng
010 _a 86025827
020 _a0674041852 (pbk.)
020 _a0674041844
040 _aDLC
_cDLC
_dDLC
041 _aeng
080 _a616.89001 HAV
082 0 0 _a616.89001 HAV
_219
100 1 _a48
101 _aPSI
245 1 0 _aApproaches to the mind :
_cLeston Havens.
504 _aBibliography: p. 331-361.
906 _a7
_bcbc
_corignew
_d1
_eocip
_f19
_gy-gencatlg
942 _2ddc
_cBK
999 _c39519
_d39519